Search the Library Catalogue
| 000 -LEADER | |
|---|---|
| fixed length control field | 00365nam a2200121 a 4500 |
| 008 - FIXED-LENGTH DATA ELEMENTS--GENERAL INFORMATION | |
| fixed length control field | 260217s2026##################000#0#eng## |
| 020 ## - INTERNATIONAL STANDARD BOOK NUMBER | |
| ISBN | 9780521832878 |
| 082 04 - DEWEY DECIMAL CLASSIFICATION NUMBER | |
| Classification number | 330.015195 |
| Item number | ZEL |
| 100 ## - MAIN ENTRY--AUTHOR NAME | |
| Personal name | Zellner Arnold |
| 245 10 - TITLE STATEMENT | |
| Title | The Stone Lectures in Economics Statistics, Econometrics and Forecasting |
| Statement of responsibility, etc | / Arnold Zellner |
| 942 ## - ADDED ENTRY ELEMENTS (KOHA) | |
| Koha item type | English Books |
| Withdrawn status | Lost status | Damaged status | Not for loan | Home library | Current library | Shelving location | Date acquired | Full call number | Accession Number | Price effective from | Koha item type |
|---|---|---|---|---|---|---|---|---|---|---|---|
| Anna Centenary Library | Anna Centenary Library | 4TH FLOOR, A WING | 17.02.2026 | 330.015195 ZEL | 102205 | 17.02.2026 | English Books |